000
00308nam a22001217a 4500
008
240711b |||||||| |||| 00| 0 eng d
020
_a
81-88327-73-5
100
_a
M. Chopra
245
_a
The Bharatiya Nyaya Sanhita, 2023
260
_a
Delhi
_b
Capital Law Infotech
_c
2024
300
_a
209
942
_2
ddc
_c
BK
999
_c
20763
_d
20763